Statystyki dla Kształty państw na literę P

Kliknij tutaj aby rozwiązać quiz!

Ogólne statystyki

  • Ten quiz został rozwiązany 11 143 razy
  • Średni wynik to 6 z 8

Statystyki odpowiedzi

Odpowiedź% Poprawnych
Polska
98%
Portugalia
91%
Pakistan
81%
Panama
78%
Peru
78%
Papua-Nowa Gwinea
77%
Paragwaj
67%
Palau
62%

Rozkład punktacji

Percentyl według liczby udzielonych odpowiedzi

Procent ludzi z każdym wynikiem

Twoja historia wyników

Nie rozwiązałeś tego quizu